000 00261nam a2200097Ia 4500
001 663562
005 20250826160215.0
008 250824s9999 xx 000 0 und d
245 0 _aFELATUN BEY İLE RAKIM EFENDİ
_cAHMED MİDHAT EFENDİ
260 _bDERGAH YAYINLARI
999 _c663562
_d663562